Alfredo Garcia Revuelta (Record no. 1309)

MARC details
000 - LÍDER
campo de control de longitud fija 00928nam a2200217Ia 4500
008 - ELEMENTOS DE DATOS DE LONGITUD FIJA - INFORMACIÓN GENERAL
campo de control de longitud fija 0000002001 usa 0000000000eng00
090 ## - NÚMERO DE LLAMADA DE TIPO LC LOCALMENTE ASIGNADO (OCLC)
Número de clasificación (OCLC) (R) PSP00 G17a
100 1# - ENTRADA PRINCIPAL - NOMBRE PERSONAL
Nombre de la persona García Revuelta, Alfredo
Fechas asociadas a un nombre 1961
245 10 - TÍTULO DECLARACIÓN
Título Alfredo Garcia Revuelta
Resto del título : sculptures and paintings from the 90's
Declaración de responsabilidad / photography Diego Ortiz, Cuacli Gutiérrez
260 ## - PUBLICACIÓN, DISTRIBUCIÓN
Lugar de publicación Los Angeles : Iturralde Gallery
Fecha de publicación 2001
300 ## - DESCRIPCIÓN FÍSICA
Alcance 8 p.
Dimensiones / 28 cm.
500 ## - NOTA GENERAL
Nota general Exposición realizada en Galería Iturralde, Los Angeles, Febrero 23 Marzo 31, 2001 \ Con el patronazgo del maestro venezolano Jesús Rafael Soto (q.e.p.d.)
600 00 - ENTRADA DE SUJETO AÑADIDO - NOMBRE PERSONAL
Nombre de la persona GARCIA REVUELTA, ALFREDO, 1961/
Subdivisión general TRABAJOS PICTORICOS
650 14 - ENTRADA DE SUJETO AÑADIDO - TÉRMINO TÓPICO
Término tópico o elemento de entrada del nombre geográfico PINTURA ESPAÑOLA
650 14 - ENTRADA DE SUJETO AÑADIDO - TÉRMINO TÓPICO
Término tópico o elemento de entrada del nombre geográfico ARTE CONTEMPORANEO ESPAÑOL
650 14 - ENTRADA DE SUJETO AÑADIDO - TÉRMINO TÓPICO
Término tópico o elemento de entrada del nombre geográfico ARTISTAS PLASTICOS ESPAÑOLES
650 14 - ENTRADA DE SUJETO AÑADIDO - TÉRMINO TÓPICO
Subdivisión general CATALOGOS
650 14 - ENTRADA DE SUJETO AÑADIDO - TÉRMINO TÓPICO
Término tópico o elemento de entrada del nombre geográfico ESCULTURA ESPAÑOLA
650 14 - ENTRADA DE SUJETO AÑADIDO - TÉRMINO TÓPICO
Subdivisión general EXPOSICIONES
700 1# - ENTRADA AGREGADA - NOMBRE PERSONAL
Nombre de la persona Ortiz, Diego \ Gutiérrez, Cuacli
Holdings
Estado de retirada Pérdida de estatus Estado dañado No para préstamo Código de recogida Ubicación permanente Ubicación actual Ubicación de las estanterías Fecha de adquisición Número de llamada completo Código de barras Fecha de la última vez que se vio Número de copia Precio efectivo desde Tipo de artículo Koha
        General ArtNexus ArtNexus General 06/09/2022 P-SP-00 G17A 1309 06/09/2022 Ej.1 06/09/2022 Libro

Powered by Koha